The Legend of Zelda: Tears of the Kingdom Characters - Statistics

General Stats
  • This quiz has been taken 60 times
  • The average score is 23 of 39
Answer Stats
Answer % Correct
The Newest Dragon Light Dragon/Zelda
100%
Main Character Link
100%
Princess of Hyrule Princess Zelda
100%
The Demon King Ganondorf
93%
Sage of Fire Yunobo
83%
Sage of Wind Tulin
80%
The King's Sister/Sage of Spirit Mineru
78%
Sage of Water Sidon
78%
Retired Chief of Kakariko Village Impa
76%
The 1st King of Hyrule King Rauru
76%
The King's Wife Queen Sonia
76%
Sage of Lightning Riju
76%
Tree in Korok Forest Great Deku Tree
68%
Leader of the Yiga Clan Master Kohga
66%
Head of Lookout Landing Purah
66%
Dragon That Roams Around Faron Farosh
63%
Engineer in Lookout Landing Robbie
63%
Dragon That Roams Around Eldin Dinraal
61%
Expands Player's Inventory Hestu
61%
Head of Tarrey Town Hudson
61%
The Sage of Wind's Father Teba
61%
Dragon That Roams Around Hebra Naydra
59%
New Chief of Kakariko Village Paya
56%
The Demon King's Dragon Name Demon Dragon
54%
Hangs Up Construction Signs Addison
49%
Former King of Zora's Domain Dorephan
49%
Head of Lookout Landings Assistant Josha
49%
Obsessed With Monsters Kilton
49%
The Sage of Lightning's Bodyguard Buliara
44%
The Sage of Water's Wife Yona
44%
Helps Rebuild Lurelin Village Bolson
41%
Leader of Zonai Survey Team Tauro
39%
Reporter for the Clover Gazette Penn
37%
Head of Tarrey Towns Wife Rhondson
37%
Runs the Clothing Shop in Hateno Village Cece
32%
The Sage of Fire's Former Boss/Runs Goron City Bludo
29%
Head of Tarrey Towns Daughter Mattison
27%
Wants to be a Satori Kolton
22%
Runs the Dye Shop in Hateno Village Sayge
15%
No matching quizzes found
Score Distribution
Percent of People with Each Score
Percentile by Number Answered
Your Score History
You have not taken this quiz